The wild kid / (Registro nro. 10212)

Detalles MARC
000 -LIDER
fixed length control field 00511nam a22001937a 4500
001 - NÚMERO DE CONTROL
Identificador de número de control 000012147
003 - IDENTIFICACDOR DE NÚMERO DE CONTROL
control field DO-SdBNP
005 - DATE AND TIME OF LATEST TRANSACTION
control field 20160525145306.0
008 - ELEMENTOS DE LONGITUD FIJA
fixed length control field 160524b 1999 nyu xxu||||| |||| 00| 0 spa d
020 ## - ISBN
International Standard Book Number 043914633X
040 ## - FUENTE DE CATALOGACIÓN
Agencia que crea de manera original el registro BPMSU
Idioma de catalogación spa
Agencia que realiza la transcripción BPMSU
092 ## - LOCALLY ASSIGNED DEWEY DECIMAL CALL NUMBER
Número de clasificación xxxxx
Número de ítem (Cutter) xxxxx
100 1# - ASIENTO PRINCIPAL -- NOMBRE PERSONAL
Nombre personal Mazer, Harry
245 10 - MENCIÓN DE TITULO
Título The wild kid /
Mención de responsabilidad Harry Mazer.
260 ## - PUBLICACIÓN, DISTRIBUCIÓN, ETC. (PIE DE IMPRENTA)
Lugar de publicación, distribución, etc New York :
Nombre del editor, distribuidor, etc. Scholastic,
Fecha de publicación, distribución, etc 1999.
300 ## - DESCRIPCIÓN FÍSICA
Extensión 103 p. ;
Dimensiones 22 cm.
942 ## - ADDED ENTRY ELEMENTS (KOHA)
Source of classification or shelving scheme Dewey Decimal Classification
Koha item type Libros
956 ## - LOCAL ELECTRONIC LOCATION AND ACCESS (OCLC)
Método de acceso LOPEREZ
Materiales especificados 10
Enlace 20160524
Campo enlazado y núm. de secuencia BPMSU
Nombre de host 00041
Existencias
Withdrawn status Lost status Source of classification or shelving scheme Damaged status Not for loan Collection code Home library Current library Date acquired Source of acquisition Total Checkouts Barcode Date last seen Price effective from Koha item type
    Dewey Decimal Classification       Biblioteca Pública Metropolitana Salomé Ureña Biblioteca Pública Metropolitana Salomé Ureña 05/24/2016 Donación   BPMSU16050438 05/24/2016 05/24/2016 Libros